| 000 | 00668nam a2200193Ia 4500 | ||
|---|---|---|---|
| 008 | 090124s9999 xx 000 0 und d | ||
| 082 | _b129890 | ||
| 100 | _aदीप मोहन | ||
| 245 | _a रेखा - ओ - रेखा एक न संपणारा प्रवास | ||
| 250 | _a1 | ||
| 260 | _c1999 | ||
| 300 | _a228 | ||
| 600 | _aदीप मोहन | ||
| 630 | _a रेखा - ओ - रेखा एक न संपणारा प्रवास | ||
| 700 | _aदीप मोहन | ||
| 700 | _aमहेश | ||
| 730 | _a रेखा - ओ - रेखा एक न संपणारा प्रवास | ||
| 942 | _cBOOK | ||
| 999 |
_c175979 _d175979 |
||